| 000 | 01891nam a2200265Ia 4500 | ||
|---|---|---|---|
| 003 | Ost | ||
| 005 | 20260507075449.0 | ||
| 008 | 260507s9999||||xx |||||||||||||| ||und|| | ||
| 020 | _a87071175998 | ||
| 040 | _cfsecg | ||
| 041 | _aara | ||
| 082 | _a332.17 | ||
| 100 |
_aعبد الله، خالد امين _eمؤلف |
||
| 245 | 0 |
_aالعمليات المصرفية الاسلامية : _bالطرق المحاسبية الحديثة / _c خالد امين عبد الله |
|
| 260 |
_aعمان: _bدار وائل للنشر, _c2008 |
||
| 300 |
_a664 صفحة؛ _bإيضاحات ؛ _c24 سم |
||
| 504 | _aبيبليوغرافيا ص.659 | ||
| 520 | _aمدخل الى العمل المصرفي -الصيرفية الاسلامية -النظام المحاسبي في البنوك -محاسبة قسم الخزينة - محاسبة قسم الودائع -محاسبة قسم الكمبيالا - محاسبة المرابحة والمرابحة للامر بالشراء -محاسبة التمويل بالمشاركة -محاسبة السلم والسلم الموازي -محاسبة الاستصناع والاستصناع الموازي -محاسبة الاستثمارات - محاسبة الكفالات المصرفية - محاسبة الاعتمادات المستندية -محاسبة بوالص التحصيل - محاسبة الحوالات - محاسبة تأجير الصناديق الحديدية - محاسبة بطاقات الائتمان -اعداد الحسابات الختامية والقوائم المالية في البنوك -الكشوفات والتقارير الدورية | ||
| 653 | _aالاقتصاد الإسلامي | ||
| 653 | _aالبنوك الإسلامية | ||
| 653 | _aالبنوك--محاسبة | ||
| 653 | _aالمحاسبة المتقدمة | ||
| 700 |
_aسعيفان، حسين سعيد _eمؤلف ثانوي |
||
| 942 | _cكتاب | ||
| 999 |
_c44607 _d44607 |
||